Classroom observation tasks: a resource book for language
Na minha lista:
| Autor principal: | |
|---|---|
| Formato: | Livro |
| Idioma: | inglês |
| Publicado em: |
Cambridge
Cambridge University
1995
|
| Edição: | 3a. ed |
| Colecção: | Cambridge Teacher Training and Development
|
| Assuntos: | |
| Tags: |
Adicionar Tag
Sem tags, seja o primeiro a adicionar uma tag!
|
MARC
| LEADER | 00000nam a2200000 a 4500 | ||
|---|---|---|---|
| 001 | UCI0860 | ||
| 003 | CL-VaPUC | ||
| 008 | 070601e19950000uk |||||||||||||||||eng|d | ||
| 020 | |a 0521407222 | ||
| 082 | 0 | 4 | |a 420.7 |b WAJ |2 21 |
| 100 | 0 | |a Wajnryb, Ruth |e author |9 521024 | |
| 245 | 1 | 0 | |a Classroom observation tasks: a resource book for language |
| 250 | |a 3a. ed | ||
| 300 | |a 145 p | ||
| 942 | |c BK | ||
| 945 | |d 20070601 00:00:00 |a jtorresc | ||
| 260 | |a Cambridge |b Cambridge University |c 1995 | ||
| 650 | 0 | |a Inglés |9 260023 | |
| 650 | 0 | |a Educación lingüística |9 306506 | |
| 650 | 0 | |a Métodos de enseñanza |9 270413 | |
| 650 | 0 | |a Formación profesional de profesores |9 307493 | |
| 583 | |a last modification |c 20130806 05:44:19 |k Rodrigo Vera | ||
| 490 | 0 | |a Cambridge Teacher Training and Development | |
| 999 | |c 325834 |d 325832 | ||
| 952 | |0 0 |1 0 |4 0 |6 420_700000000000000_WAJ_1995 |7 0 |8 A |9 407220 |a BIBEDU |b BIBEDU |d 2019-11-22 |i 4344766 |o 420.7 WAJ 1995 |p 4344766 |r 2019-11-22 |w 2019-11-22 |y BK |k LIT | ||